| 000 | 00463nam a2200193Ia 4500 | ||
|---|---|---|---|
| 008 | 240510s9999 xx 000 0 und d | ||
| 020 | _a0000792359240 | ||
| 041 | _aEng | ||
| 082 | _a005.1 | ||
| 082 | _bH15 | ||
| 100 | _aDU D-ZHU. : PARDALOS P.M. | ||
| 245 | 0 | _aHANDBOOK OF COMBINATORIAL OPTIMIZATION:SUPPLEMENT VOL. A | |
| 260 | _bLONDON : KLUWER | ||
| 260 | _c1999 | ||
| 300 | _a648 p. | ||
| 650 | _aDATA STRUCTURES | ||
| 942 | _2ddc | ||
| 942 | _cRBK | ||
| 999 |
_c26017 _d26017 |
||
| 945 |
_a1 _bMadushi Gamage _c1 _dMadushi Gamage |
||